[Event "SVM_Verbandsliga_Nord_2023-24"]
[Site "?"]
[Date "2023.09.24"]
[Round "2.2"]
[White "Pyka, Andreas"]
[Black "Distelrath, Stephan"]
[Result "0-1"]
[WhiteElo "2014"]
[BlackElo "2110"]
[PlyCount "110"]
[EventDate "2023.09.24"]
[WhiteTeam "SF Schlebusch 1"]
[BlackTeam "Ford SF Köln 1"]

1. c4 Nf6 2. Nc3 g6 3. e4 d6 4. g3 Bg7 5. Bg2 O-O 6. Nge2 e5 7. O-O Be6 8. b3 Qd7 9. d4 exd4 10. Nxd4 Bh3 11. Bg5 Nc6 12. Nxc6 bxc6 13. Bxf6 Bxf6 14. Bxh3 Qxh3 15. Qd3 Rfe8 16. Rae1 Re7 17. Ne2 Rae8 18. Nf4 Qh6 19. Kg2 g5 20. Nh3 g4 21. Ng1 Re5 22. h3 Qg6 23. f3 gxf3+ 24. Rxf3 Bg5 25. Ref1 Rxe4 26. Qc3 R8e7 27. Rf5 Re3 28. Qc2 R7e4 29. R1f3 Rxf3 30. Rxf3 Rd4 31. Rf2 Rd3 32. Nf3 Bf4 33. g4 Qe4 34. Qe2 Be3 35. Kf1 d5 36. Rg2 dxc4 37. bxc4 Qxc4 38. Ne1 Qf4+ 39. Qf3 Qxf3+ 40. Nxf3 Bb6 41. Nh4 Rxh3 42. Nf5 Rf3+ 43. Ke1 f6 44. Re2 Kf8 45. Re6 Ra3 46. Rxf6+ Ke8 47. Re6+ Kf7 48. Rxc6 Rxa2 49. Rh6 Rg2 50. Rxh7+ Kf6 51. Rg7 a5 52. Rg8 a4 53. Nh4 Rg3 54. Nf5 Rg1+ 55. Kd2 a3 0-1

[Event "SVM_Verbandsliga_Nord_2023-24"]
[Site "?"]
[Date "2023.09.24"]
[Round "2.3"]
[White "Reichelt, Frank"]
[Black "Themm, Rainer"]
[Result "1/2-1/2"]
[WhiteElo "1964"]
[BlackElo "1810"]
[PlyCount "132"]
[EventDate "2023.09.24"]
[WhiteTeam "Ford SF Köln 1"]
[BlackTeam "SF Schlebusch 1"]

1. d4 Nf6 2. Bf4 d6 3. Nc3 Bf5 4. f3 Bg6 5. e4 e6 6. Qd2 Nbd7 7. Nge2 e5 8. Be3 Be7 9. g4 h5 10. g5 Nh7 11. Rg1 exd4 12. Nxd4 Ne5 13. Be2 Nf8 14. O-O-O a6 15. f4 Ng4 16. f5 Nxe3 17. Qxe3 Bh7 18. h4 Nd7 19. g6 Bg8 20. gxf7+ Bxf7 21. Rxg7 Bf6 22. Rxf7 Kxf7 23. Bc4+ Ke8 24. Ne6 Qc8 25. Qg3 Ne5 26. Nd5 Rh6 27. Nxf6+ Rxf6 28. Qg7 Rf7 29. Qg8+ Kd7 30. Nc5+ Kc6 31. Bxf7 Qxg8 32. Bxg8 Rxg8 33. Nd3 Rg4 34. Nxe5+ dxe5 35. Rf1 Kd7 36. f6 Ke8 37. Rf5 Rxh4 38. Rxe5+ Kf7 39. Re7+ Kxf6 40. Rxc7 Rxe4 41. Rxb7 h4 42. Kd2 Re6 43. c4 Kg5 44. Rh7 Kg4 45. b4 h3 46. Kd3 Re5 47. c5 Rh5 48. Rxh5 Kxh5 49. c6 h2 50. c7 h1=Q 51. c8=Q Qb1+ 52. Ke3 Qxa2 53. Qc5+ Kg6 54. Ke4 Qg2+ 55. Ke5 Qb7 56. Kd4 Kf6 57. Qd6+ Kg7 58. Qe5+ Kh6 59. Kc4 Qc6+ 60. Kb3 Kg6 61. Qc5 Qe6+ 62. Qc4 Kf6 63. Qxe6+ Kxe6 64. Ka4 Kd5 65. Ka5 Kc4 66. Kxa6 Kxb4 1/2-1/2

[Event "SVM_Verbandsliga_Nord_2023-24"]
[Site "?"]
[Date "2023.09.24"]
[Round "2.4"]
[White "König, Linus"]
[Black "Fokken, Achim"]
[Result "0-1"]
[WhiteElo "1808"]
[BlackElo "1879"]
[PlyCount "92"]
[EventDate "2023.09.24"]
[WhiteTeam "SF Schlebusch 1"]
[BlackTeam "Ford SF Köln 1"]

1. d4 Nf6 2. Nf3 d5 3. e3 e6 4. Bd3 c5 5. b3 Nc6 6. Bb2 cxd4 7. exd4 Nb4 8. Be2 Be7 9. a3 Nc6 10. O-O O-O 11. Nbd2 a5 12. Rc1 b6 13. c4 Ba6 14. Ne5 Rc8 15. Ndf3 Nxe5 16. dxe5 Ne4 17. Nd4 dxc4 18. Bxc4 Bxc4 19. Rxc4 Rxc4 20. bxc4 Qc8 21. Qe2 Nc5 22. Nb5 Rd8 23. Rd1 Rxd1+ 24. Qxd1 Qd7 25. Qxd7 Nxd7 26. Kf1 g5 27. g4 Bc5 28. Nd6 Bxd6 29. exd6 f6 30. Ke2 Kf7 31. Ke3 e5 32. a4 Ke6 33. Ba3 Nc5 34. Bxc5 bxc5 35. Ke4 Kxd6 36. Kf5 Ke7 37. f3 Kf7 38. h3 Ke7 39. Ke4 Ke6 40. Ke3 f5 41. Kd3 Kf6 42. Ke3 Kg6 43. Kd3 h5 44. Ke3 hxg4 45. hxg4 e4 46. gxf5+ Kxf5 0-1

[Event "SVM_Verbandsliga_Nord_2023-24"]
[Site "?"]
[Date "2023.09.24"]
[Round "2.5"]
[White "Müller, Martin"]
[Black "Rohde, Ricky"]
[Result "0-1"]
[WhiteElo "1810"]
[BlackElo "1895"]
[PlyCount "86"]
[EventDate "2023.09.24"]
[WhiteTeam "Ford SF Köln 1"]
[BlackTeam "SF Schlebusch 1"]

1. c4 d5 2. cxd5 Nf6 3. Nf3 Nxd5 4. g3 g6 5. Bg2 Bg7 6. O-O O-O 7. d4 c6 8. e4 Nb6 9. h3 N8d7 10. Qc2 e5 11. Bg5 Qe8 12. Rd1 exd4 13. Nxd4 Ne5 14. Na3 Be6 15. Rac1 h6 16. Bd2 Qe7 17. Nxe6 Qxe6 18. b3 Rfd8 19. Be3 Bf8 20. Nb1 Qe8 21. f4 Ned7 22. Rd2 Nf6 23. e5 Nfd5 24. Bxb6 axb6 25. Bxd5 Bc5+ 26. Kg2 cxd5 27. Nc3 Qc6 28. Na4 Be3 29. Qd1 Qe6 30. Rc7 Bxd2 31. Qxd2 Rd7 32. Rxd7 Qxd7 33. Nxb6 Qd8 34. Nxa8 Qxa8 35. Qxd5 Qxa2+ 36. Kf3 Qh2 37. Qd8+ Kg7 38. Qf6+ Kg8 39. Qd8+ Kg7 40. Qf6+ Kg8 41. e6 Qh1+ 42. Kg4 Qd1+ 43. Kh4 Qh5# 0-1

[Event "SVM_Verbandsliga_Nord_2023-24"]
[Site "?"]
[Date "2023.09.24"]
[Round "2.6"]
[White "Tiemann, Ralf"]
[Black "Tomada, Frank"]
[Result "1-0"]
[WhiteElo "1795"]
[BlackElo "1806"]
[PlyCount "105"]
[EventDate "2023.09.24"]
[WhiteTeam "SF Schlebusch 1"]
[BlackTeam "Ford SF Köln 1"]

1. e4 c5 2. Nf3 d6 3. d4 cxd4 4. Nxd4 Nf6 5. Nc3 e6 6. Be3 Be7 7. Bb5+ Bd7 8. Bxd7+ Qxd7 9. O-O Nc6 10. f3 O-O 11. Qe2 a6 12. Rad1 Qc7 13. Qf2 b5 14. a3 Rab8 15. Na2 a5 16. c3 Ne5 17. Qe2 Nc4 18. Bf2 Qb7 19. a4 d5 20. Nxb5 Rfc8 21. b3 Na3 22. exd5 Nxb5 23. axb5 Qxb5 24. Qxb5 Rxb5 25. d6 Bd8 26. Rb1 Rcb8 27. b4 axb4 28. Rxb4 Kf8 29. Rfb1 Rxb4 30. Rxb4 Ra8 31. Rb2 Nd7 32. Be3 Bf6 33. Rc2 Rc8 34. c4 Nc5 35. Nc3 Bxc3 36. Rxc3 Ke8 37. Ra3 Kd7 38. Bf4 Rb8 39. Ra5 Nd3 40. Ra7+ Kd8 41. g3 Rb1+ 42. Kg2 Ke8 43. Re7+ Kf8 44. Rc7 Nxf4+ 45. gxf4 Ke8 46. c5 Rd1 47. Kf2 Rd5 48. Ke3 g6 49. Ke4 h6 50. h4 h5 51. f5 Rxf5 52. c6 Rd5 53. Rc8# 1-0

[Event "SVM_Verbandsliga_Nord_2023-24"]
[Site "?"]
[Date "2023.09.24"]
[Round "2.7"]
[White "Karim, Mohammed"]
[Black "Kolinko, Daniel"]
[Result "1/2-1/2"]
[WhiteElo "1712"]
[BlackElo "1696"]
[PlyCount "35"]
[EventDate "2023.09.24"]
[WhiteTeam "Ford SF Köln 1"]
[BlackTeam "SF Schlebusch 1"]

1. e4 e5 2. Nf3 Nc6 3. Bc4 Bc5 4. Nc3 Nf6 5. d3 O-O 6. Bg5 Be7 7. Qd2 a6 8. Nd5 d6 9. Nxe7+ Nxe7 10. Bxf6 gxf6 11. g4 Ng6 12. h3 b5 13. Bb3 c5 14. Bd5 Rb8 15. Qh6 Be6 16. O-O-O Kh8 17. Rhg1 Rg8 18. Kb1 1/2-1/2

[Event "SVM_Verbandsliga_Nord_2023-24"]
[Site "?"]
[Date "2023.09.24"]
[Round "2.8"]
[White "Burgmer, Hubertus"]
[Black "Edler, Rene"]
[Result "0-1"]
[WhiteElo "1466"]
[BlackElo "1510"]
[PlyCount "82"]
[EventDate "2023.09.24"]
[WhiteTeam "SF Schlebusch 1"]
[BlackTeam "Ford SF Köln 1"]

1. e4 e6 2. d4 d5 3. Nc3 Nf6 4. e5 Nfd7 5. f4 c5 6. Nf3 Nc6 7. a3 a6 8. Be3 Be7 9. Be2 O-O 10. O-O f6 11. exf6 Rxf6 12. Qd2 b6 13. Rad1 Qc7 14. Bd3 cxd4 15. Nxd4 Nc5 16. Be2 Bd7 17. b4 Nb7 18. f5 Nxd4 19. Qxd4 Rc8 20. Nxd5 exd5 21. Qxd5+ Kf8 22. Qxd7 Nd6 23. Qxc7 Rxc7 24. Bd3 Nb5 25. Bxb5 axb5 26. c3 Rfc6 27. Bd4 Ra7 28. Rfe1 Rxa3 29. Bxg7+ Kf7 30. Bd4 Bf6 31. g4 Ra2 32. Bxf6 Kxf6 33. Rd3 Rc2 34. Ree3 Kg5 35. h3 h5 36. Rg3 hxg4 37. hxg4 Rc4 38. Rdf3 Rxg4 39. Rxg4+ Kxg4 40. f6 Kxf3 41. Kf1 Rc1# 0-1

[Event "SVM_Verbandsliga_Nord_2023-24"]
[Site "?"]
[Date "2023.09.24"]
[Round "2.1"]
[White "Görgens, Albert"]
[Black "Kocur, Alois"]
[Result "0-1"]
[WhiteElo "2170"]
[BlackElo "2142"]
[PlyCount "80"]
[EventDate "2023.09.28"]
[WhiteTeam "Pulheimer SC 1"]
[BlackTeam "SV Springer Hitdorf 1"]

1. d4 Nf6 2. Nf3 g6 3. c4 Bg7 4. Nc3 O-O 5. e4 c6 6. Be2 d5 7. e5 Ne4 8. O-O Nxc3 9. bxc3 dxc4 10. Bxc4 c5 11. Re1 cxd4 12. cxd4 Nc6 13. d5 Na5 14. Bb5 Bf5 15. Qd4 a6 16. Bf1 b5 17. h3 Rc8 18. g4 Bc2 19. Bd2 Nc4 20. Bf4 Nb6 21. Bg5 Nxd5 22. Rac1 h6 23. Bh4 g5 24. Bxg5 hxg5 25. Rxc2 Rxc2 26. Qe4 Rc6 27. Nxg5 Rh6 28. e6 f5 29. gxf5 Nc3 30. Qg2 Rxf5 31. Nf7 Rxf7 32. exf7+ Kxf7 33. Qf3+ Rf6 34. Qh5+ Kg8 35. Re3 Nd5 36. Rd3 e6 37. Bg2 Rf5 38. Qg6 Qb6 39. Kh1 Nf4 40. Rg3 Nxg6 0-1

[Event "SVM_Verbandsliga_Nord_2023-24"]
[Site "?"]
[Date "2023.09.24"]
[Round "2.2"]
[White "Happ, Tobias"]
[Black "Bausch, Thomas"]
[Result "1-0"]
[WhiteElo "2019"]
[BlackElo "2071"]
[PlyCount "81"]
[EventDate "2023.09.28"]
[WhiteTeam "SV Springer Hitdorf 1"]
[BlackTeam "Pulheimer SC 1"]

1. d4 d5 2. Nf3 Nf6 3. c4 e6 4. g3 Be7 5. Bg2 O-O 6. O-O dxc4 7. Qc2 a6 8. Qxc4 b5 9. Qc2 Bb7 10. Bd2 Be4 11. Qc1 Qc8 12. b4 Nd5 13. a3 Nd7 14. Nc3 Nxc3 15. Qxc3 Nb6 16. Ne5 Bxg2 17. Kxg2 Bd6 18. Qc6 Bxe5 19. dxe5 Nc4 20. Bc3 Rd8 21. a4 Rb8 22. axb5 axb5 23. Ra7 Qd7 24. Rxc7 Qxc6+ 25. Rxc6 g5 26. Ra1 Ra8 27. Rxa8 Rxa8 28. Rc5 Rb8 29. Kf3 Kg7 30. g4 Kg6 31. Ke4 Na3 32. e3 Rd8 33. f4 Rd7 34. f5+ Kg7 35. Bd4 Rb7 36. Rc6 exf5+ 37. Kxf5 h6 38. Rc8 f6 39. e6 Nc4 40. Bxf6+ Kh7 41. Rh8# 1-0

[Event "SVM_Verbandsliga_Nord_2023-24"]
[Site "?"]
[Date "2023.09.24"]
[Round "2.3"]
[White "Jülich, Thomas"]
[Black "Schmitz, Andreas Arnold"]
[Result "1-0"]
[WhiteElo "1961"]
[BlackElo "1996"]
[PlyCount "97"]
[EventDate "2023.09.24"]
[WhiteTeam "Pulheimer SC 1"]
[BlackTeam "SV Springer Hitdorf 1"]

1. e4 e6 2. d4 d5 3. Nd2 Nc6 4. c3 e5 5. dxe5 dxe4 6. Qa4 e3 7. fxe3 Bd7 8. Qf4 g5 9. Qf2 Nxe5 10. Ndf3 Bd6 11. Nxe5 Bxe5 12. Bc4 Qf6 13. Qxf6 Bxf6 14. Ne2 b5 15. Bb3 c5 16. O-O Ke7 17. Ng3 c4 18. Bc2 Nh6 19. e4 Rag8 20. a4 b4 21. Bd2 b3 22. Bd1 Bg4 23. Bxg4 Nxg4 24. h3 Nh6 25. a5 Rd8 26. Be3 Rd3 27. Rxf6 Rxe3 28. Rxh6 Rxg3 29. Rd1 Rd3 30. Rxd3 cxd3 31. Kf2 Rc8 32. Ra6 Rc7 33. Ke3 Rd7 34. Kd2 h5 35. e5 h4 36. c4 Kd8 37. Rd6 f5 38. Kxd3 Ke7 39. c5 Rb7 40. Kc4 Rb8 41. Rg6 g4 42. hxg4 fxg4 43. Rxg4 Ke6 44. Rxh4 Kxe5 45. Rh3 Rg8 46. Re3+ Kf4 47. Re7 a6 48. Re6 Ra8 49. Kxb3 1-0

[Event "SVM_Verbandsliga_Nord_2023-24"]
[Site "?"]
[Date "2023.09.24"]
[Round "2.4"]
[White "Bayer, Udo"]
[Black "Laschewski, Andreas"]
[Result "0-1"]
[WhiteElo "1901"]
[BlackElo "1910"]
[PlyCount "86"]
[EventDate "2023.09.28"]
[WhiteTeam "SV Springer Hitdorf 1"]
[BlackTeam "Pulheimer SC 1"]

1. e4 g6 2. d4 Bg7 3. Nf3 a6 4. c4 d6 5. Nc3 Nd7 6. Be2 e6 7. O-O h6 8. Qc2 b6 9. Rd1 Bb7 10. Be3 Ne7 11. Rac1 g5 12. b4 Ng6 13. c5 Qe7 14. Na4 bxc5 15. bxc5 Nf6 16. cxd6 cxd6 17. Nb6 Rd8 18. Qa4+ Kf8 19. d5 Kg8 20. Rc2 Kh7 21. Rdc1 Ne8 22. Bxa6 Ne5 23. Nxe5 Bxe5 24. Bb5 Bf4 25. Bxf4 gxf4 26. Bxe8 Qxe8 27. Qxe8 Rhxe8 28. Rc7 Ba8 29. Rxf7+ Kg6 30. Rxf4 exd5 31. exd5 Re5 32. Rd4 Re2 33. a4 Rde8 34. f3 Bb7 35. Rc7 Rb2 36. Rg4+ Kh5 37. h3 Rxb6 38. Rcg7 Bc8 39. Rd4 Rb7 40. g4+ Kh4 41. g5+ Kxh3 42. gxh6 Rb1+ 43. Kf2 Rb2+ 0-1

[Event "SVM_Verbandsliga_Nord_2023-24"]
[Site "?"]
[Date "2023.09.24"]
[Round "2.5"]
[White "Nettekoven, Wolfgang"]
[Black "Pyrowicz, Jacek"]
[Result "1-0"]
[WhiteElo "1738"]
[BlackElo "1830"]
[PlyCount "87"]
[EventDate "2023.09.24"]
[WhiteTeam "Pulheimer SC 1"]
[BlackTeam "SV Springer Hitdorf 1"]

1. e4 c5 2. d4 cxd4 3. c3 Nf6 4. e5 Nd5 5. cxd4 e6 6. Nf3 Bb4+ 7. Bd2 Qa5 8. Bc4 Nc6 9. O-O O-O 10. a3 Nce7 11. Bxb4 Nxb4 12. Nc3 Nbd5 13. Ne4 b5 14. b4 Qb6 15. Bb3 Bb7 16. Nd6 Bc6 17. Qd2 Ng6 18. Rfe1 f6 19. Ne4 fxe5 20. dxe5 Rf4 21. Nc5 Qd8 22. Nd4 Qe7 23. Nxc6 dxc6 24. Rad1 Raf8 25. f3 Nh4 26. Kh1 g5 27. Ne4 h6 28. Bxd5 exd5 29. Nf6+ Kh8 30. Qd3 Qf7 31. Rf1 Ng6 32. Ng4 Qg7 33. Rde1 h5 34. g3 Rc4 35. Ne3 Nxe5 36. Qd1 Rc3 37. f4 Ng4 38. Nxg4 hxg4 39. Qxg4 gxf4 40. Qh3+ Kg8 41. Qe6+ Kh8 42. Re5 Qf6 43. Rh5+ Kg7 44. Qg4+ 1-0

[Event "SVM_Verbandsliga_Nord_2023-24"]
[Site "?"]
[Date "2023.09.24"]
[Round "2.6"]
[White "Schmitz, Manuela"]
[Black "Strack, Luka"]
[Result "1-0"]
[WhiteElo "1827"]
[BlackElo "1650"]
[PlyCount "112"]
[EventDate "2023.09.24"]
[WhiteTeam "SV Springer Hitdorf 1"]
[BlackTeam "Pulheimer SC 1"]

1. d4 d5 2. Nf3 c5 3. e3 Nf6 4. Be2 Bf5 5. O-O e6 6. b3 Bd6 7. Bb2 Nc6 8. dxc5 Bxc5 9. c4 O-O 10. cxd5 Nxd5 11. Nd4 Nxd4 12. Bxd4 Qb6 13. Bxc5 Qxc5 14. Bf3 Rfd8 15. Qc1 Qxc1 16. Rxc1 Rac8 17. Na3 Bd3 18. Rxc8 Rxc8 19. Rd1 Ba6 20. Bxd5 exd5 21. h3 Rd8 22. Rd4 Kf8 23. e4 Ke7 24. exd5 Kd6 25. Nc2 Rd7 26. f3 Re7 27. Rd2 Re2 28. Rxe2 Bxe2 29. Kf2 Bd3 30. Ne3 Bb1 31. a3 Ba2 32. b4 Bxd5 33. Nf5+ Ke5 34. Nxg7 Kd4 35. Ne8 Bc4 36. Nd6 b5 37. g4 Kc3 38. Ke3 Kb3 39. Kd4 Bf1 40. Nxf7 Kxa3 41. Kc5 Ka4 42. Ne5 a5 43. bxa5 b4 44. Nc4 Bxc4 45. Kxc4 Kxa5 46. Kb3 Kb5 47. f4 Kc5 48. f5 Kd5 49. Kxb4 Kd6 50. g5 Ke7 51. Kc5 Ke8 52. Kd6 Kd8 53. Ke6 Ke8 54. Kf6 Kf8 55. h4 h6 56. gxh6 Kg8 1-0

[Event "SVM_Verbandsliga_Nord_2023-24"]
[Site "?"]
[Date "2023.09.24"]
[Round "2.7"]
[White "Kasperowicz, Thomas"]
[Black "Kocur, Beata"]
[Result "0-1"]
[WhiteElo "1586"]
[BlackElo "1792"]
[PlyCount "86"]
[EventDate "2023.09.24"]
[WhiteTeam "Pulheimer SC 1"]
[BlackTeam "SV Springer Hitdorf 1"]

1. e4 c5 2. Nc3 Nc6 3. Bb5 e6 4. Bxc6 dxc6 5. d3 Nf6 6. f4 Be7 7. Nf3 Qc7 8. O-O O-O 9. Qe1 Nd7 10. Qg3 b5 11. e5 f5 12. Bd2 Nb6 13. Ne2 c4 14. d4 a5 15. Rfd1 Nd5 16. b3 cxb3 17. axb3 b4 18. Qe1 Bd7 19. Ng3 c5 20. Kh1 c4 21. bxc4 Qxc4 22. Rdc1 a4 23. Nf1 Rab8 24. Ne3 Nxe3 25. Qxe3 Rfc8 26. Qe1 Rb7 27. Be3 Rbc7 28. Nd2 Qc3 29. Qe2 Qc6 30. Nf3 Qc4 31. Qf2 Qa6 32. Ne1 Bb5 33. Qd2 Qb7 34. Nd3 Bxd3 35. Qxd3 Rc3 36. Qe2 Qe4 37. Re1 Rxc2 38. Qf1 a3 39. d5 Qxd5 40. Rad1 Qb7 41. Rd3 b3 42. Red1 R8c7 43. Rd4 Qc6 0-1

[Event "SVM_Verbandsliga_Nord_2023-24"]
[Site "?"]
[Date "2023.09.24"]
[Round "2.8"]
[White "van de Linde, Holger"]
[Black "Gerberich, Dustin"]
[Result "1-0"]
[WhiteElo "1643"]
[BlackElo "1270"]
[PlyCount "85"]
[EventDate "2023.09.28"]
[WhiteTeam "SV Springer Hitdorf 1"]
[BlackTeam "Pulheimer SC 1"]

1. e4 e5 2. Nf3 Nc6 3. Bb5 d6 4. d3 Bd7 5. Nc3 Nf6 6. Bg5 Be7 7. Qd2 Nd4 8. Bxd7+ Qxd7 9. Nxd4 exd4 10. Ne2 c5 11. h3 O-O 12. Bxf6 Bxf6 13. g4 d5 14. g5 Be5 15. f4 Bc7 16. e5 Qb5 17. c3 Ba5 18. Kf2 dxc3 19. bxc3 Qc6 20. Qc2 Bb6 21. Kg3 Qg6 22. h4 c4 23. Rad1 Rad8 24. h5 Qf5 25. Kf3 g6 26. Ng3 Qe6 27. d4 Bc7 28. f5 Qc6 29. hxg6 fxg6 30. f6 Rde8 31. Qh2 Rf7 32. Rde1 a5 33. Qh3 Re6 34. Ne2 Bxe5 35. dxe5 d4+ 36. Kf2 d3 37. Nf4 Qa4 38. Qxe6 Qxa2+ 39. Ne2 Qd2 40. Qe8+ Rf8 41. f7+ Kg7 42. Rxh7+ Kxh7 43. Qxf8 1-0

[Event "SVM_Verbandsliga_Nord_2023-24"]
[Site "?"]
[Date "2023.09.24"]
[Round "2.1"]
[White "Loeschcke, Christian"]
[Black "Kersten, Alexander"]
[Result "1-0"]
[WhiteElo "1928"]
[BlackElo "1929"]
[PlyCount "69"]
[EventDate "2023.09.24"]
[WhiteTeam "Lasker Köln 3"]
[BlackTeam "BSG Rheinpark 1"]

1. e4 c5 2. Nf3 g6 3. d4 cxd4 4. Nxd4 Bg7 5. Nc3 Nc6 6. Nb3 Nf6 7. Be2 b6 8. O-O Bb7 9. Bg5 Rc8 10. f4 O-O 11. Bf3 Ne8 12. Nd5 Bxb2 13. Rb1 Ba3 14. Bg4 f6 15. Bh6 e6 16. Bxf8 Bxf8 17. Ne3 Qc7 18. f5 Kf7 19. fxe6+ dxe6 20. Bxe6+ Kxe6 21. Qd5+ Ke7 22. Qg8 Ne5 23. Nd4 Ng7 24. Rb5 Bxe4 25. Rd5 a6 26. Qxh7 Kf7 27. Qh4 Bf5 28. Nexf5 gxf5 29. Nxf5 Ke6 30. Ne3 Be7 31. Qh3+ Kf7 32. Qg3 Kg8 33. Nf5 Bc5+ 34. Kh1 Rf8 35. Nh6+ 1-0

[Event "SVM_Verbandsliga_Nord_2023-24"]
[Site "?"]
[Date "2023.09.24"]
[Round "2.2"]
[White "Marcks, Martin"]
[Black "Pericic, Boris"]
[Result "1-0"]
[WhiteElo "1979"]
[BlackElo "1821"]
[PlyCount "79"]
[EventDate "2023.09.24"]
[WhiteTeam "BSG Rheinpark 1"]
[BlackTeam "Lasker Köln 3"]

1. Nf3 Nf6 2. c4 e6 3. Nc3 d5 4. d4 Be7 5. e3 O-O 6. Bd3 c6 7. O-O dxc4 8. Bxc4 b5 9. Bd3 a6 10. Qe2 Nbd7 11. Rd1 Qc7 12. e4 e5 13. Bg5 Bb7 14. Rac1 Rfe8 15. d5 c5 16. Nh4 b4 17. Nb1 Nxd5 18. exd5 Bxg5 19. Bxh7+ Kxh7 20. Qh5+ Bh6 21. Qxf7 Rf8 22. Qg6+ Kh8 23. Rc4 Rf6 24. Qh5 Nb6 25. Re4 Bxd5 26. Rxe5 Bf7 27. Qe2 Rd8 28. Re1 Rd5 29. Re7 Rd7 30. Re5 Qxe5 31. Qxe5 Re6 32. Qb8+ Kh7 33. Rf1 Red6 34. f4 Bc4 35. Re1 Rd1 36. Kf2 Rxe1 37. Kxe1 Nd5 38. Ng6 Nf6 39. Nf8+ Kg8 40. Nxd7+ 1-0

[Event "SVM_Verbandsliga_Nord_2023-24"]
[Site "?"]
[Date "2023.09.24"]
[Round "2.3"]
[White "Hüllen, Rene"]
[Black "Lattermann, Stefan"]
[Result "0-1"]
[WhiteElo "1981"]
[BlackElo "1968"]
[PlyCount "76"]
[EventDate "2023.09.24"]
[WhiteTeam "Lasker Köln 3"]
[BlackTeam "BSG Rheinpark 1"]

1. d4 Nf6 2. Nf3 e6 3. e3 c5 4. Bd3 b6 5. O-O Bb7 6. b3 Be7 7. Bb2 O-O 8. Nbd2 Nc6 9. a3 Rc8 10. Qe2 d6 11. c4 Qc7 12. Rac1 Rfe8 13. Bb1 d5 14. Ne5 Bd6 15. f4 Qe7 16. dxc5 bxc5 17. Qd3 Rcd8 18. Qc2 d4 19. Nxc6 Bxc6 20. exd4 cxd4 21. b4 d3 22. Qc3 e5 23. Bxd3 exf4 24. Rce1 Qxe1 25. Rxe1 Rxe1+ 26. Nf1 Rde8 27. Qd2 f3 28. gxf3 Bxf3 29. Bxf6 gxf6 30. Kf2 Rd1 31. Qc2 Bg4 32. h3 Bh5 33. Ng3 Bxg3+ 34. Kxg3 Re3+ 35. Kh4 Rdxd3 36. Kxh5 Rxh3+ 37. Kg4 Rdf3 38. Qd1 h5# 0-1

[Event "SVM_Verbandsliga_Nord_2023-24"]
[Site "?"]
[Date "2023.09.24"]
[Round "2.4"]
[White "Dizdarevic, Alen"]
[Black "Vieira, Daniel"]
[Result "1/2-1/2"]
[WhiteElo "1771"]
[BlackElo "1824"]
[PlyCount "123"]
[EventDate "2023.09.24"]
[WhiteTeam "BSG Rheinpark 1"]
[BlackTeam "Lasker Köln 3"]

1. c4 c5 2. g3 Nc6 3. Bg2 g6 4. Nc3 Bg7 5. Nf3 e6 6. O-O Nge7 7. e3 O-O 8. a3 d5 9. d3 dxc4 10. dxc4 Qxd1 11. Rxd1 Bxc3 12. bxc3 Na5 13. Nd2 Rd8 14. Bb2 Bd7 15. Ne4 Bc6 16. Nxc5 Nxc4 17. Bxc6 Nxc6 18. Rdb1 Rd2 19. Bc1 Rd1+ 20. Kg2 b6 21. Nb3 Rd3 22. Bb2 Nxb2 23. Rxb2 Rxc3 24. a4 Ne5 25. Nd4 Nd3 26. Rd2 Nc5 27. a5 Nb3 28. Nxb3 Rxb3 29. axb6 Rxb6 30. Rd7 a6 31. Rc1 e5 32. Rcc7 Rf6 33. Re7 Rb8 34. Rb7 Rxb7 35. Rxb7 Kf8 36. Kf1 e4 37. h4 Ke8 38. Ke2 h5 39. Rb4 Re6 40. Rb8+ Ke7 41. Rb7+ Kf6 42. f3 exf3+ 43. Kxf3 Rc6 44. Ra7 Ke6 45. e4 f6 46. Kf4 Kd6 47. Rg7 Kc5 48. Rxg6 a5 49. Rh6 a4 50. Rxh5+ Kb4 51. Rh8 a3 52. Rb8+ Kc3 53. Ra8 Kb2 54. h5 Rc5 55. g4 a2 56. h6 Rc1 57. Kf5 Rf1+ 58. Kg6 Rg1 59. Kxf6 Rxg4 60. e5 a1=Q 61. Rxa1 Kxa1 62. h7 1/2-1/2

[Event "SVM_Verbandsliga_Nord_2023-24"]
[Site "?"]
[Date "2023.09.24"]
[Round "2.5"]
[White "Simon, Martin"]
[Black "Greb, Michael"]
[Result "0-1"]
[WhiteElo "1886"]
[BlackElo "1702"]
[PlyCount "56"]
[EventDate "2023.09.24"]
[WhiteTeam "Lasker Köln 3"]
[BlackTeam "BSG Rheinpark 1"]

1. d4 d5 2. Nf3 Nf6 3. g3 e6 4. Bg2 c5 5. O-O Nc6 6. c4 dxc4 7. Qa4 cxd4 8. Ne5 Bd7 9. Nxc6 bxc6 10. Qxc4 Qb6 11. Rd1 Bc5 12. b4 Bxb4 13. Qxd4 Bc5 14. Qf4 Nd5 15. Bxd5 cxd5 16. Nc3 Bd6 17. Qg5 O-O 18. e4 d4 19. e5 f6 20. exf6 Rxf6 21. Rb1 Qc6 22. Nb5 Qf3 23. Bf4 Bc6 24. Kf1 Bxf4 25. gxf4 Rxf4 26. Rd2 Rg4 27. Qc5 Qh1+ 28. Ke2 Qe4+ 0-1

[Event "SVM_Verbandsliga_Nord_2023-24"]
[Site "?"]
[Date "2023.09.24"]
[Round "2.6"]
[White "Weiland, Herbert"]
[Black "Ledbetter, Ralf"]
[Result "1/2-1/2"]
[WhiteElo "1692"]
[BlackElo "1936"]
[PlyCount "68"]
[EventDate "2023.09.24"]
[WhiteTeam "BSG Rheinpark 1"]
[BlackTeam "Lasker Köln 3"]

1. d4 Nf6 2. c4 g6 3. Nc3 Bg7 4. e4 d6 5. f3 O-O 6. Be3 e5 7. d5 c6 8. Qd2 cxd5 9. cxd5 a6 10. Bh6 Nbd7 11. h4 Nh5 12. g4 Ng3 13. Rh3 Nxf1 14. Kxf1 f5 15. Bxg7 fxg4 16. Bxf8 Qxf8 17. Rg3 Nf6 18. Qg5 Nh5 19. Rxg4 Bxg4 20. Qxg4 b5 21. a3 Qh6 22. Nge2 Rf8 23. Kg2 Qd2 24. Kh1 Qxb2 25. Ra2 Qb3 26. Qe6+ Rf7 27. Qxd6 Ng3+ 28. Nxg3 Qxc3 29. Rf2 Rxf3 30. Qd8+ Kg7 31. Nh5+ gxh5 32. Rg2+ Rg3 33. Qe7+ Kg8 34. Qe8+ Kg7 1/2-1/2

[Event "SVM_Verbandsliga_Nord_2023-24"]
[Site "?"]
[Date "2023.09.24"]
[Round "2.7"]
[White "Richstein, Tim"]
[Black "Rosen, Daniel"]
[Result "1-0"]
[WhiteElo "1619"]
[BlackElo "1681"]
[PlyCount "91"]
[EventDate "2023.09.24"]
[WhiteTeam "Lasker Köln 3"]
[BlackTeam "BSG Rheinpark 1"]

1. e4 d5 2. exd5 Nf6 3. d4 Nxd5 4. c4 Nb6 5. Nc3 e5 6. d5 c6 7. h3 Bb4 8. Bd2 O-O 9. Nf3 Bf5 10. Be2 f6 11. Qb3 Bc5 12. O-O Kh8 13. Rac1 Bg6 14. Rfd1 a5 15. dxc6 bxc6 16. Be3 Qe7 17. Nh4 Bxe3 18. Nxg6+ hxg6 19. fxe3 Qa7 20. Ne4 N8d7 21. Rd2 f5 22. Nd6 Nc5 23. Qd1 Nc8 24. Qe1 Nxd6 25. Rxd6 Ne4 26. Rd3 f4 27. Bf3 Nc5 28. Rd6 e4 29. Be2 Rf6 30. Rxf6 gxf6 31. Qh4+ Kg7 32. Qxf4 Rd8 33. Rd1 Qe7 34. Qf1 Rd7 35. a3 Rxd1 36. Qxd1 Qd7 37. Qxd7+ Nxd7 38. b4 axb4 39. axb4 c5 40. b5 Kf7 41. Kf2 Ke7 42. Kg3 Kd6 43. Kf4 f5 44. g4 fxg4 45. hxg4 Nf8 46. Kg5 1-0

[Event "SVM_Verbandsliga_Nord_2023-24"]
[Site "?"]
[Date "2023.11.05"]
[Round "3.1"]
[White "Hoffmann, Klaus-Peter"]
[Black "Loeschcke, Christian"]
[Result "1/2-1/2"]
[WhiteElo "2064"]
[BlackElo "1928"]
[PlyCount "84"]
[EventDate "2023.11.05"]
[WhiteTeam "SV KS Leverkusen 1"]
[BlackTeam "Lasker Köln 3"]

1. Nf3 Nf6 2. c4 g6 3. Nc3 Bg7 4. e4 d6 5. d4 O-O 6. h3 e5 7. dxe5 dxe5 8. Qxd8
Rxd8 9. Bg5 c6 10. Nxe5 Re8 11. Bxf6 Bxf6 12. f4 Nd7 13. Nxd7 Bxc3+ 14. bxc3
Rxe4+ 15. Kf2 Bxd7 16. Rd1 Re7 17. c5 Be6 18. c4 Rae8 19. Rd2 h5 20. Be2 h4 21.
Rhd1 Bf5 22. Bf3 Kg7 23. Rd8 g5 24. Rxe8 Rxe8 25. fxg5 Kg6 26. Rd4 Kxg5 27. Bg4
Re5 28. Bxf5 Rxf5+ 29. Ke3 Rxc5 30. Rg4+ Kh5 31. Kd4 Ra5 32. Rg7 Rxa2 33. Rxf7
b5 34. cxb5 cxb5 35. Rf5+ Kg6 36. Rxb5 a6 37. Rb6+ Kf5 38. Ke3 Ra3+ 39. Kf2 a5
40. Rb5+ Kg6 41. Rb6+ Kf5 42. Rb5+ Kg6 {(=)} 1/2-1/2